Ideový návrh motocyklového motora (Ideological design of motorcycle engine) [CD-ROM] : Diplomová práca

Saved in:
Bibliographic Details
Main Author: Kudláč, Igor, 1984- (Author)
Other Authors: Kamenický, Milan, 1958- (xxx)
Format: Manuscript Book
Language:Slovak
Published: Bratislava : STU v Bratislave SjF, 2009
Edition:1.vyd.
Subjects:
Tags: Add Tag
No Tags, Be the first to tag this record!

MARC

LEADER 00000ntm a22000003a 4500
001 stu198005
005 20150617230036.7
008 100114s2009----xo------------------slo-d
040 |a STU  |b slo 
041 0 |a slo 
044 |a xo 
100 1 |a Kudláč, Igor,  |d 1984-  |4 aut  |u J0030  |9 100  |U SjF Strojnícka fakulta  |T SjF Ústav dopravnej techniky a konštruovania  |X 13182  |U J0030  |Y 806  |7 A000013182 
245 1 |a Ideový návrh motocyklového motora (Ideological design of motorcycle engine) [CD-ROM] :  |b Diplomová práca 
250 |a 1.vyd. 
260 |a Bratislava :  |b STU v Bratislave SjF,  |c 2009 
300 |a 60 s 
650 7 |a konštrukcia motora  |2 stusub 
650 7 |a spaľovací motor  |2 stusub 
650 7 |a construction of engines  |2 estusub 
650 7 |a combustion engines  |2 estusub 
700 1 |a Kamenický, Milan,  |d 1958-  |4 xxx  |u J0030  |U SjF Strojnícka fakulta  |T SjF Ústav dopravnej techniky a konštruovania  |X 2441  |U J0030  |Y 806  |7 A000002441 
996 |b 284J035699  |c J*312/DP  |l JJSK  |s A  |a 24  |w stu198005_0001